书目信息 |
| 题名: |
舞台美术文集
|
|
| 作者: | ;中国艺术研究院戏曲研究所 编 | |
| 分册: | ||
| 出版信息: | 北京 中国戏剧出版社 1982 |
|
| 页数: | 458页 | |
| 开本: | 21cm | |
| 丛书名: | ||
| 单 册: | ||
| 中图分类: | J813-53 | |
| 科图分类: | ||
| 主题词: | 戏剧-舞台美术--文集 , 舞台美术-戏剧--文集 | |
| 电子资源: | ||
| ISBN: | ||
| 000 | 00706nam0 2200241 45 | |
| 001 | 0182007326 | |
| 005 | 20070731163845.71 | |
| 010 | @dCNY1.80 | |
| 091 | @aCN@b8069.106 | |
| 100 | @a19950629d1982 em y0chiy0121 ea | |
| 101 | 0 | @achi |
| 102 | @aCN@b110000 | |
| 105 | @af z 000yy | |
| 200 | 10 | @a舞台美术文集@Awu tai mei shu wen ji@f中国艺术研究院戏曲研究所编 |
| 210 | @a北京@c中国戏剧出版社@d1982 | |
| 215 | @a458页@c照片@d21cm | |
| 606 | @a戏剧-舞台美术@x文集 | |
| 606 | @a舞台美术-戏剧@x文集 | |
| 690 | @aJ813-53@v3 | |
| 711 | 02 | @a中国艺术研究院戏曲研究所@Azhong guo yi shu yan jiu yuan xi qu yan jiu suo@4编 |
| 801 | 2 | @aCN@bNLC@c20070731 |
| 801 | 0 | @aCN@bTSSF |
| 905 | @a10447@dJ813-53@e71 | |
| 舞台美术文集/中国艺术研究院戏曲研究所编.-北京:中国戏剧出版社,1982 |
| 458页:照片;21cm |
| ISBN :CNY1.80 |
| ● |
| 相关链接 |
|
|
|
|
正题名:舞台美术文集
索取号:J813-53/71
 
预约/预借
| 序号 | 登录号 | 条形码 | 馆藏地/架位号 | 状态 | 备注 |
| 1 | 0787533 | 207875334 | 第一样本阅览室/ [索取号:J813-53/71] | 在馆 |